000 003410000a22001450004500
003 MACL
040 _aMACL
090 _c5255
_d5254
100 _aMukherjee, Jugal Kishore
245 _aThe Destiny Of The Body
260 _bSri Aurobindo International Centre Of Education
_c1975
350 _a95
650 _aPhilisophy
942 _cBOOK
_k181
999 _c5216
_d5216